20 estadios del fútbol argentino - Estadísticas

Estadísticas generales
  • Esta prueba ha sido intentada 277 veces
  • La puntuación promedio es 6 de 20
Estadísticas de respuestas
Respuesta % Correcto
49.446 La Bombonera
81%
51.389 Cilindro de Avellaneda
69%
48.069 Libertadores de América
63%
47.489 Nuevo Gasómetro
51%
66.449 Estadio Monumental
49%
41.465 Gigante de Arroyito
41%
57.000 Mario Alberto Kempes
36%
53.000 Ciudad de La Plata
34%
42.000 Marcelo Bielsa
34%
49.540 Velez Sarsfield
34%
48.314 Tomas Ducó
32%
45.268 Malvinas argentinas
23%
35.700 Brigadier Estanislao Lopez
22%
34.901 Florencio Sola
20%
46.519 Lanus
18%
35.354 José María Minella
11%
32.700 Monumental José Ferro
3%
36.542 Eduardo Gallardón
2%
35.535 Instituto
2%
32.500 Nueva España
1%
No se encontraron pruebas coincidentes
Distribución de puntuación
Porcentaje de gente con cada puntuación
Porcentaje por número respondido
Historial de tus puntuaciones
No has intentado esta prueba.